<?xml version="1.0" encoding="UTF-8"?>
<record
    xmlns:xsi="http://www.w3.org/2001/XMLSchema-instance"
    xsi:schemaLocation="http://www.loc.gov/MARC21/slim http://www.loc.gov/standards/marcxml/schema/MARC21slim.xsd"
    xmlns="http://www.loc.gov/MARC21/slim">

  <leader>00634nam a2200181   4500</leader>
  <datafield tag="999" ind1=" " ind2=" ">
    <subfield code="c">56988</subfield>
    <subfield code="d">56988</subfield>
  </datafield>
  <controlfield tag="003">Ge_BSU</controlfield>
  <controlfield tag="005">20190923104547.0</controlfield>
  <controlfield tag="008">190923b1971    ge ||||| |||| 00| 0 geo d</controlfield>
  <datafield tag="041" ind1=" " ind2=" ">
    <subfield code="a">geo</subfield>
  </datafield>
  <datafield tag="080" ind1=" " ind2=" ">
    <subfield code="a">821.353.1-1 &#x10D0;-61</subfield>
  </datafield>
  <datafield tag="100" ind1=" " ind2=" ">
    <subfield code="a">&#x10D0;&#x10DC;&#x10D0;&#x10DC;&#x10D8;&#x10EB;&#x10D4;, &#x10DA;&#x10D4;&#x10D5;&#x10D0;&#x10DC;</subfield>
    <subfield code="9">4209</subfield>
  </datafield>
  <datafield tag="245" ind1=" " ind2=" ">
    <subfield code="a">&#x10E8;&#x10D4;&#x10DC;&#x10D7;&#x10D0;&#x10DC; &#x10D4;&#x10E0;&#x10D7;&#x10D0;&#x10D3; :</subfield>
    <subfield code="b">&#x10DA;&#x10D4;&#x10E5;&#x10E1;&#x10D4;&#x10D1;&#x10D8; /</subfield>
    <subfield code="c">&#x10DA;&#x10D4;&#x10D5;&#x10D0;&#x10DC; &#x10D0;&#x10DC;&#x10D0;&#x10DC;&#x10D8;&#x10EB;&#x10D4;.</subfield>
  </datafield>
  <datafield tag="264" ind1=" " ind2=" ">
    <subfield code="a"> &#x10D1;&#x10D0;&#x10D7;&#x10E3;&#x10DB;&#x10D8; : </subfield>
    <subfield code="b">&#x10E1;&#x10D0;&#x10D1;&#x10ED;&#x10DD;&#x10D7;&#x10D0; &#x10D0;&#x10ED;&#x10D0;&#x10E0;&#x10D0; ;</subfield>
    <subfield code="c">1971.</subfield>
  </datafield>
  <datafield tag="300" ind1=" " ind2=" ">
    <subfield code="a">47&#x10D2;&#x10D5;. ;</subfield>
    <subfield code="c">16 &#x10E1;&#x10DB;..</subfield>
  </datafield>
  <datafield tag="653" ind1=" " ind2=" ">
    <subfield code="a">&#x10E8;&#x10D4;&#x10DC;&#x10D7;&#x10D0;&#x10DC; &#x10D4;&#x10E0;&#x10D7;&#x10D0;&#x10D3;  </subfield>
  </datafield>
  <datafield tag="653" ind1=" " ind2=" ">
    <subfield code="a">&#x10DA;&#x10D4;&#x10E5;&#x10E1;&#x10D4;&#x10D1;&#x10D8; </subfield>
  </datafield>
  <datafield tag="942" ind1=" " ind2=" ">
    <subfield code="2">udc</subfield>
    <subfield code="c">BK</subfield>
  </datafield>
  <datafield tag="952" ind1=" " ind2=" ">
    <subfield code="0">0</subfield>
    <subfield code="1">0</subfield>
    <subfield code="2">udc</subfield>
    <subfield code="4">0</subfield>
    <subfield code="6">82135311_&#x10D0;61</subfield>
    <subfield code="7">0</subfield>
    <subfield code="9">86967</subfield>
    <subfield code="a">CPL</subfield>
    <subfield code="b">CPL</subfield>
    <subfield code="c">GEN</subfield>
    <subfield code="d">2019-09-23</subfield>
    <subfield code="g">0.22</subfield>
    <subfield code="o">821.353.1-1 &#x10D0;-61</subfield>
    <subfield code="r">2019-09-23</subfield>
    <subfield code="t">13743</subfield>
    <subfield code="u">13743</subfield>
    <subfield code="w">2019-09-23</subfield>
    <subfield code="y">BK</subfield>
    <subfield code="z">0.22 &#x10DA;.</subfield>
  </datafield>
</record>
